In the End - Linkin Park (All Lyrics) - Statistics

General Stats
  • This quiz has been taken 887 times
  • The average score is 298 of 379
Answer Stats
Answer % Correct
I
100%
It
100%
it
100%
doesn’t
99%
in
99%
In
99%
matter
99%
a
98%
try
98%
end
97%
end,
97%
even
97%
hard
97%
the
97%
you
94%
You
94%
know
93%
on,
93%
so
93%
don’t
92%
go
92%
how
92%
All
91%
all
91%
to
91%
why
91%
one
90%
One
90%
thing,
90%
thing
90%
far
89%
And
87%
and
87%
But
87%
but
87%
that
87%
tried,
86%
tried
86%
got
85%
with
85%
Keep
84%
starts
84%
mind,
83%
lose
79%
time
78%
What
76%
is
75%
as
73%
my
73%
this
73%
this,
73%
fall
71%
had
71%
of
71%
Watch
71%
watch
71%
be
70%
me
70%
valuable
66%
by
63%
swings
61%
designed
60%
pendulum
60%
trust
60%
day,
59%
out
59%
window
59%
can
58%
fly
58%
put
58%
rhyme
57%
right
57%
was
57%
down
56%
It’s
56%
clock
55%
should
54%
away
53%
d-didn’t
53%
explain
53%
unreal,
53%
didn’t
52%
due
52%
For
52%
memory
52%
only
52%
apart
50%
count
50%
I’ve
50%
ticks
50%
fell
49%
just
49%
Pushed
49%
there’s
49%
though
48%
your
48%
life
46%
like
46%
will
46%
were
45%
below
44%
eventually
44%
look
44%
meant
44%
way
44%
inside
43%
when
43%
everything
42%
property
42%
wasted
42%
myself
41%
part
41%
kept
40%
hold
39%
mocking
39%
remind
39%
Acting
37%
anymore
37%
back
36%
recognize
36%
before
35%
Things
35%
wouldn’t
35%
times
34%
comes
33%
then,
33%
they
33%
I’m
32%
aren’t
31%
Not
31%
spite
30%
knew
29%
fought
28%
Remembering
26%
Tryna
25%
surprised
23%
No matching quizzes found
Score Distribution
Percent of People with Each Score
Percentile by Number Answered
Your Score History
You have not taken this quiz